000
00340nam a2200169Ia 4500
100
_a
Verma/Shalini
650
_a
General
942
_c
BK
366
_f
10
654
_a
word power
245
_a
Word power made handy
260
_b
S.Chand and Co.
_c
2009
082
_a
371.4
_b
VER
300
_a
392
546
_a
ENGLISH
999
_c
30767
_d
30767